<?xml version="1.0" encoding="UTF-8"?>
<record
    xmlns:xsi="http://www.w3.org/2001/XMLSchema-instance"
    xsi:schemaLocation="http://www.loc.gov/MARC21/slim http://www.loc.gov/standards/marcxml/schema/MARC21slim.xsd"
    xmlns="http://www.loc.gov/MARC21/slim">

  <leader>02159agaaa2200337   4500</leader>
  <controlfield tag="001">2934</controlfield>
  <controlfield tag="003">IT-RoPAU</controlfield>
  <controlfield tag="005">20220918181233.0</controlfield>
  <controlfield tag="007">d cvaizq</controlfield>
  <controlfield tag="008">50131s9999||||xx ||| |     ||   ||und||</controlfield>
  <datafield tag="040" ind1=" " ind2=" ">
    <subfield code="a">IT-RoPAU</subfield>
    <subfield code="c">IT-RoPAU</subfield>
  </datafield>
  <datafield tag="041" ind1=" " ind2=" ">
    <subfield code="a">ITALIANO</subfield>
  </datafield>
  <datafield tag="100" ind1=" " ind2=" ">
    <subfield code="a">Pollack Sydney</subfield>
    <subfield code="g">Codice regista SPICS: 1628</subfield>
    <subfield code="9">41691</subfield>
  </datafield>
  <datafield tag="130" ind1=" " ind2=" ">
    <subfield code="a">SOCIO (IL)</subfield>
    <subfield code="9">41692</subfield>
  </datafield>
  <datafield tag="240" ind1=" " ind2=" ">
    <subfield code="a">FIRM (THE)</subfield>
    <subfield code="g">T2771</subfield>
  </datafield>
  <datafield tag="245" ind1=" " ind2=" ">
    <subfield code="a">SOCIO (IL)</subfield>
    <subfield code="c">Prodotto da: Davis John Scott R. -- Sceneggiatura: Rabe David Towne Robert Rayfield David -- Diretto da: Pollack Sydney</subfield>
    <subfield code="p">SOCIO (IL) (Rif. Codice opera principale : C2934)</subfield>
  </datafield>
  <datafield tag="246" ind1=" " ind2=" ">
    <subfield code="a">FIRM (THE)</subfield>
  </datafield>
  <datafield tag="250" ind1=" " ind2=" ">
    <subfield code="a">Edizione Standard</subfield>
  </datafield>
  <datafield tag="260" ind1=" " ind2=" ">
    <subfield code="a">(USA)</subfield>
    <subfield code="b">PARAMOUNT / Distribuzione: CIC VIDEO</subfield>
    <subfield code="g">"1993 (1&#xB0; ed.: 1993 ; Ed. Lingua Orig.: 1993)"</subfield>
  </datafield>
  <datafield tag="300" ind1=" " ind2=" ">
    <subfield code="a">VHS</subfield>
    <subfield code="b">sonoro, col.</subfield>
    <subfield code="c">145 minuti</subfield>
  </datafield>
  <datafield tag="508" ind1=" " ind2=" ">
    <subfield code="a">"Fotografia: Seale John; Montaggio: Steinkamp W.; Musica: Grusin Dave; Sceneggiatura: Rabe David Towne Robert Rayfield David; Scenografia: Macdonald Richard; "</subfield>
  </datafield>
  <datafield tag="511" ind1=" " ind2=" ">
    <subfield code="a">"Cruise Tom; Hackman Gene; Tripplehorn Jeanne; Harris Ed; Hunter Holly; Hill Steven; Be"</subfield>
  </datafield>
  <datafield tag="520" ind1=" " ind2=" ">
    <subfield code="a">TOM CRUISE E' MITCH MCDEERE UN AMBIZIOSO E BRILLANTE GIOVANE LAUREATO DI HARVARD CHE PER ENTRARE A FAR PARTE DI UNA PICCOLA ANCHE SE FACOLTOSA SOCIETA' DI MEMPHIS RINUNCIA A COLLABORARE CON I PIU' IMPORTANTI STUDI LEGALI DELLA CITTA' CONSENTENDO COSI' A LUI E A SUA MOGLIE DI INIZIARE UNA VITA DA SOGNO. LA FACOLTOSA SOCIETA' INFATTI GLI PROCURA SUBITO UNA MERCEDES ESTINGUEI SUOI PRESTITI UNIVERSITARI E PREDISPONE UN MUTUO PER LA SUA PRIMA CASA. MA MITCH NON IMPIEGA MOLTO A SCOPRIRE CHE LA SOCIETA' IN QUESTIONE SI STA SERVENDO DI LUI PER COPRIRE AFFARI SPORCHI E QUELLA CHE APPARIVA COME UN'OCCASIONE IRRIPETIBILE PUO' INVECE COSTARGLI LA VITA. FILM DRAMMATICO A COLORI.</subfield>
  </datafield>
  <datafield tag="538" ind1=" " ind2=" ">
    <subfield code="a">PAL, STEREO</subfield>
  </datafield>
  <datafield tag="546" ind1=" " ind2=" ">
    <subfield code="a">ITALIANO</subfield>
  </datafield>
  <datafield tag="650" ind1=" " ind2=" ">
    <subfield code="a">DRAMMATICO</subfield>
    <subfield code="e">FILMS [VHS]</subfield>
    <subfield code="x">Codice MATERIA SPICS: 9960</subfield>
    <subfield code="9">34083</subfield>
  </datafield>
  <datafield tag="700" ind1=" " ind2=" ">
    <subfield code="a">Grisham John </subfield>
    <subfield code="e">(soggetto)</subfield>
    <subfield code="g">Codice Soggetto SPICS: 40809</subfield>
    <subfield code="9">41693</subfield>
  </datafield>
  <datafield tag="700" ind1=" " ind2=" ">
    <subfield code="a">Grusin Dave</subfield>
    <subfield code="e">(musica)</subfield>
    <subfield code="g">Codice Musica SPICS: 9602</subfield>
    <subfield code="9">41694</subfield>
  </datafield>
  <datafield tag="700" ind1=" " ind2=" ">
    <subfield code="a">Pollack Sydney </subfield>
    <subfield code="e">(regista)</subfield>
    <subfield code="g">Codice regista SPICS: 1628</subfield>
    <subfield code="9">41695</subfield>
  </datafield>
  <datafield tag="942" ind1=" " ind2=" ">
    <subfield code="c">VH</subfield>
    <subfield code="2">ddc</subfield>
  </datafield>
  <datafield tag="999" ind1=" " ind2=" ">
    <subfield code="c">105487</subfield>
    <subfield code="d">105487</subfield>
  </datafield>
  <datafield tag="952" ind1=" " ind2=" ">
    <subfield code="0">0</subfield>
    <subfield code="1">0</subfield>
    <subfield code="4">0</subfield>
    <subfield code="6">C_2934_000000000000000</subfield>
    <subfield code="7">1</subfield>
    <subfield code="a">SPICS</subfield>
    <subfield code="b">SPICS</subfield>
    <subfield code="d">2015-01-31</subfield>
    <subfield code="l">0</subfield>
    <subfield code="o">C2934</subfield>
    <subfield code="r">2015-01-31 00:00:00</subfield>
    <subfield code="w">2015-01-31</subfield>
    <subfield code="y">VH</subfield>
    <subfield code="z">Progr. Ins.: 362 / N.Vol.:1 / Copie: 1 / Pag.:0 / Copia rara: n.d. / date import: 1.2.2015 / By Epidotti, Trombetti, Vaglietti</subfield>
  </datafield>
</record>
